000 00690nam a22002297a 4500
005 20250620142208.0
010 _aENG-129772 ENG-145484
020 _a9789384761141
_c250.00
020 _c325.00
035 _aEN-113304
035 _aEN-129016
037 _bDBAD
082 _a500
100 _aSunil Kumar singh
_982191
245 _aLucent's General science/
_cby Sunil Kumar Singh , R.P. Suman and Renu Sinha
260 _aPatna
_bLucent Publication
_c2021
270 _aNew Bypass Road, Ashochak,
_bPatna
_e800030
_k09934016609
300 _avp.
_c27cm(pbk)
_bill.
700 _aSuman,R.P
_982192
700 _aSinha,Renu
_982193
942 _2ddc
_cEN
_h500
_mSUN
999 _c180491
_d180491